Zákon o štátnom občianstve 1. časť

Bibliographic Details
Format: Article
Language:Slovak
Subjects:

MARC

LEADER 00000nab a2200000 a 4500
001 vtls000480625
003 SK-MaSNL
005 20260303020352.0
008 120927c1993 xo 0 slo
015 |a SNBRB19rr/mm-uuuuu 
035 |a CL0480760 
040 |a SNKBUCL  |b slo  |c SNKBUCL  |e AACR2 
041 0 |a slo 
044 |a xo  |c SK 
080 |a 342.71:340.133  |2 1981 
245 0 0 |a Zákon o štátnom občianstve  |b 1. časť 
650 0 7 |a Zákon NR SR o štátnom občianstve  |2 snkbucl  |9 1000148 
655 7 |a články z novín a časopisov  |2 snkbucl  |9 267496 
773 0 |t Verejná správa  |g Č. 3 (1993), s. 17 
850 |a Slovenská národná knižnica v Martine  |a MTA001 
852 |a SNK  |b KIS3GCP 
958 |a RK 
992 |a RBX 
999 |c 1617921  |d 1619851